000 00584nam a2200193Ia 4500
005 20260601193220.0
008 260601s9999||||xx |||||||||||||| ||und||
020 _a978-3-031-47748-5
_qebk
100 _aLothar Fritsch
245 0 _aSecure IT Systems
250 _a1st ed. 2024
260 _aHeidelberg, Germany
_bSpringer Nature
_c2024
440 _aLecture Notes in Computer Science
650 _aComputer Science
700 _aEbenezer Paintsil
700 _aIsmail Hassan
856 _uhttps://link.springer.com/openurl?genre=book&isbn=978-3-031-47748-5
942 _cEB
_2ddc
999 _c55781
_d55781